Quiz Culture G. (4) - Statistiques

Statistiques générales
  • Ce quiz a été pris 107 fois
  • Le résultat moyen est 8 sur 20
Statistiques - réponses
Réponse % Correct
Selon le titre d'un dessin animé quels animaux accompagnent le chat Oggy ? Cafards
77%
En mythologie grecque, qui est la déesse de la guerre ? Athena
74%
Quel est le meilleur buteur de l'histoire de l'équipe de France de Football ? Olivier Giroud
70%
J'ai des tubes comme "distribua" ou "umbrella' à mon actif, je suis ? Rihanna
68%
Comment appelle-t-on le petit du sanglier ? Marcassin
66%
Quel ministre est à l'origine de l'abolition de la peine de mort en France, en 1981 ? Robert Badinter
49%
Quel architecte espagnol est à l'origine de la Sagrada Familia et de nombreuses œuvres barcelonaises ? Gaudi
44%
Connue pour son "emploi fictif" quel est le prénom de la femme de François Fillon ? Pénélope
41%
Quel thriller coréen a reçu la Palme d'or à Cannes en 2019, avant de décrocher l'Oscar du meilleur film ? Parasite
40%
Quel est le pays d'origine de Nokia ? Finlande
36%
Quelle est le nom de la marionnette de Jeff Panacloc ? Jean Marc
34%
Quel mot latin désigne les premiers mots d'un livre ? Incipit
30%
Quel département français a Beauvais comme chef-lieu ? Oise
30%
Spécialité bourguignonne quel petit chou au fromage est généralement servi à l'apéritif ? Gougère
29%
Dans l'acronyme EHPAD, à quoi correspond la lettre D ? Dependantes
25%
Dans quel pays peut-on admirer la Montagne "Arc en ciel" de Vinicunca ? Pérou
23%
En quelle année Pasteur inaugure-t-il son vaccin contre la rage ? 1885
20%
Quelle marque de sport est une lettre de l'alphabet grec ? Kappa
18%
En 2024, qui a pris la succession de Cyril Féraud à la tête de Slam sur France 3 ? Théo Curin
15%
Dans la saga "qu'est ce qu'on a fait au bon Dieu", quel est le nom de la famille de Claude et Marie, parents des 4 filles ? Verneuil
8%
Aucun quiz correspondant
Distribution des résultats
% des personnes avec chaque résultat
Percentile par nombre de réponses
Votre historique - résultats
Vous n’avez pas pris ce quiz